000 01370cam a22002054a 4500
005 20250605164046.0
008 250528s ||||||||||||||||||||||||d
035 _a17138
020 _a314743960
040 _aGR-AtMCL
_bgre
_dGR-AtMCL
_eAACR2
245 1 _aBasic Business Statistics / An Intuitive Approach
260 _bWest Publishing Company,
_c1991
300 _a874
520 _aPreface, Introduction, Descriptive Statistics: Tabular Classification and Graphical Presentation, Summary Statistics: Measures of Central Tendency and Dispersion, Probability Concepts, Discrete Probability Distributions, Continuous Probability Distributions, Simple Random Sampling and Sampling Distributions, Other Sampling Methods, Statistical Estimation on One Population, Hypothesis Testing on One Population, Inferential Statistics on Two Populations, Nonparametric Tests on Two Populations, Hypothesis Testing on Several Populations: Analysis of Variance, Chi-Square Statistics and Applications, Simple Linear Regression and Correlation, Multiple Linear Regression, Time Series Analysis and Forecasting, Index Numbers, Decision Analysis, An Overview of Statistical Techniques and Applications, Recommended References, Appendices, Glossary, Index.
700 1 _aHu Michael Y
_93285
700 1 _aToh Rex S
_93286
942 _cBK
999 _c2577
_d2577